| 000 | 01314nam a22002537a 4500 | ||
|---|---|---|---|
| 005 | 20110824120336.0 | ||
| 010 | _aG-001038 | ||
| 020 |
_c25.00 _a 81902906120 |
||
| 035 | _aG-001038 | ||
| 037 | _bवाई.के. पब्लिकेशन्स | ||
| 082 | _aक | ||
| 100 |
_a झारी, रूद्र देव _935098 |
||
| 245 |
_aभागा हुआ गुलाम / _cरूद्र देव झारी |
||
| 246 |
_a _b |
||
| 260 |
_aदिल्ली _bवाई.के. पब्लिकेशन्स _c2009 |
||
| 270 |
_a29/502, ईस्ट एण्ड अपार्टमैंट , मयूर विहार अक्सटेंशन, फेस-1, _bदिल्ली _e110096 _k |
||
| 300 |
_a24पृ. _c21 सेमी(अजिल्द) _bसचित्र |
||
| 650 |
_a _935099 |
||
| 700 |
_925138 _a |
||
| 700 | _925157 | ||
| 942 |
_adpl _cCH _2ddc _mझारीरू _hक |
||
| 999 |
_c55888 _d55888 |
||